[Event "Berlin Neukoelln op 10th"]
[Site "Berlin"]
[Date "2004.05.07"]
[Round "3"]
[White "Kruschke, Guenter"]
[Black "Zierke, Marcel"]
[Result "1-0"]
[WhiteElo "1535"]
[BlackElo "1505"]
[PlyCount "73"]
[EventDate "2004.04.25"]
[EventType "swiss"]
[EventRounds "7"]
[EventCountry "GER"]
[SourceTitle "EXT 2022"]
[Source "ChessBase"]
[SourceDate "2021.10.06"]
[SourceVersion "1"]
[SourceVersionDate "2021.10.06"]
[SourceQuality "1"]

1. Nf3 f5 2. d4 e6 3. c4 Nf6 4. g3 b6 5. Bg2 Bb7 6. 0-0 Be7 7. Nc3 0-0 8. a3 Ne4 9. Nxe4 fxe4 10. Ne1 d5 11. Qc2 c5 12. dxc5 Bxc5 13. b4 Bd4 14. Rb1 Qc7 15. cxd5 Qd6 16. Bxe4 exd5 17. Bxh7+ Kh8 18. Bd3 Nd7 19. e3 Rac8 20. Qe2 Bc3 21. Bb2 Bxb2 22. Rxb2 Rf6 23. Ba6 Bxa6 24. Qxa6 Rcf8 25. Rd2 Ne5 26. Qa4 Qe6 27. Kg2 d4 28. Rxd4 Rh6 29. h4 g5 30. b5 Qf5 31. Qc2 Qxc2 32. Nxc2 Nf3 33. Rg4 gxh4 34. Rh1 Rhf6 35. Rf4 Rxf4 36. gxf4 Rc8 37. Nb4 1-0

[Event "Berlin Neukoelln op 10th"]
[Site "Berlin"]
[Date "2004.04.23"]
[Round "1"]
[White "Kievelitz, Bernd"]
[Black "Kruschke, Guenter"]
[Result "1-0"]
[WhiteElo "1875"]
[BlackElo "1535"]
[PlyCount "91"]
[EventDate "2004.04.25"]
[EventType "swiss"]
[EventRounds "7"]
[EventCountry "GER"]
[SourceTitle "EXT 2022"]
[Source "ChessBase"]
[SourceDate "2021.10.06"]
[SourceVersion "1"]
[SourceVersionDate "2021.10.06"]
[SourceQuality "1"]

1. Nf3 c5 2. c4 Nf6 3. Nc3 g6 4. d4 cxd4 5. Nxd4 Bg7 6. e4 d6 7. Be2 0-0 8. 0-0 Nc6 9. Be3 a6 10. Qd2 Ne8 11. Rfd1 Nxd4 12. Bxd4 Bd7 13. Nd5 Bxd4 14. Qxd4 Bc6 15. Nb6 Rb8 16. e5 Qc7 17. f4 Rd8 18. Nd5 Bxd5 19. cxd5 f5 20. Rac1 Qb8 21. g4 Ng7 22. g5 Rc8 23. Kf2 Rxc1 24. Rxc1 Rc8 25. Rxc8+ Qxc8 26. Qc3 Qxc3 27. bxc3 Ne8 28. Ke3 Nc7 29. Kd4 b5 30. c4 bxc4 31. Bxc4 Kf8 32. Kc3 Ke8 33. Kb4 dxe5 34. fxe5 f4 35. Kc3 Kd7 36. Kd4 a5 37. Ke4 e6 38. d6 Na8 39. Kxf4 Nb6 40. Bb5+ Kd8 41. Ke4 Kc8 42. Kd4 Nd5 43. Bc4 Nf4 44. Ke4 Nh3 45. Bxe6+ Kd8 46. Bxh3 1-0

[Event "Berlin Neukoelln op 7th"]
[Site "Berlin"]
[Date "2001.06.22"]
[Round "7"]
[White "Hanno, Rolf"]
[Black "Kruschke, Guenter"]
[Result "0-1"]
[WhiteElo "1561"]
[BlackElo "1511"]
[PlyCount "88"]
[EventDate "2001.05.11"]
[EventType "swiss"]
[EventRounds "7"]
[EventCountry "GER"]
[SourceTitle "EXT 2022"]
[Source "ChessBase"]
[SourceDate "2021.10.06"]
[SourceVersion "1"]
[SourceVersionDate "2021.10.06"]
[SourceQuality "1"]

1. d4 Nf6 2. c4 g6 3. Nc3 Bg7 4. Bg5 d6 5. e3 0-0 6. Bd3 Nbd7 7. Nge2 b6 8. Qc2 Bb7 9. f3 e5 10. d5 Nc5 11. e4 Qd7 12. b4 Nxd3+ 13. Qxd3 Ne8 14. Be3 Ba6 15. b5 Bb7 16. 0-0 f5 17. exf5 Qxf5 18. Ne4 Nf6 19. N2g3 Qd7 20. a4 a5 21. Qd2 Nxe4 22. Nxe4 Qe7 23. Bg5 Qe8 24. Qe1 h6 25. Be3 g5 26. h4 g4 27. fxg4 Qg6 28. Nf2 Rf7 29. Rc1 Raf8 30. h5 Qh7 31. Qe2 Bc8 32. g3 Rf3 33. Kg2 e4 34. Bf4 Re8 35. Rfd1 Ra3 36. Be3 Rxa4 37. Rh1 Rb4 38. g5 Rb2 39. Qe1 Qf5 40. gxh6 Qf3+ 41. Kg1 Re2 42. Qf1 Be5 43. h7+ Kxh7 44. Bf4 Bxf4 0-1

[Event "Berlin Neukoelln op 7th"]
[Site "Berlin"]
[Date "2001.05.11"]
[Round "1"]
[White "Kruschke, Guenter"]
[Black "Ilia, Naim"]
[Result "0-1"]
[WhiteElo "1511"]
[BlackElo "1933"]
[PlyCount "90"]
[EventDate "2001.05.11"]
[EventType "swiss"]
[EventRounds "7"]
[EventCountry "GER"]
[SourceTitle "EXT 2022"]
[Source "ChessBase"]
[SourceDate "2021.10.06"]
[SourceVersion "1"]
[SourceVersionDate "2021.10.06"]
[SourceQuality "1"]

1. Nf3 Nf6 2. d4 g6 3. c4 Bg7 4. Nc3 0-0 5. e4 d6 6. Be2 e5 7. d5 Nbd7 8. 0-0 a5 9. Nd2 Nc5 10. f3 a4 11. b3 axb3 12. Nxb3 Nxb3 13. Qxb3 Nh5 14. Be3 Nf4 15. Rfc1 Qg5 16. Bxf4 exf4 17. Rc2 b6 18. Rd1 Bd7 19. Rdd2 h5 20. Kh1 Qf6 21. Bf1 g5 22. Rc1 g4 23. Nb5 Rfc8 24. Qd1 g3 25. h3 Ra5 26. a4 Qd8 27. Qb3 Be5 28. Bd3 Qh4 29. Bf1 Qd8 30. Rcc2 Rca8 31. Ra2 Qc8 32. Ra3 Kg7 33. Rda2 c6 34. dxc6 Qxc6 35. Qd1 Be6 36. Nd4 Qd7 37. Nxe6+ fxe6 38. Qb3 Bd4 39. Qd1 Bc5 40. e5 Bxa3 41. exd6 Bxd6 42. Qd4+ e5 43. Qxb6 Bc5 44. Qb2 Qd4 45. Qb7+ Kf8 0-1